| 000 | 01354nam a2200265 a 4500 | ||
|---|---|---|---|
| 003 | BLK | ||
| 005 | 20240924130103.0 | ||
| 008 | 191122b bu ||||| |||| 00| 0 bu d | ||
| 020 | _a978-619-240-127-6 | ||
| 040 | _aBLK | ||
| 041 |
_aBUL _cBUL |
||
| 080 |
_aСоциография. Социално положение. Условия на политическия и социалния живот. Социално и социално-икономическо положение на отделните страни, народи, раси. Социална география. (Общи въпроси) _b308 _x(497.2)(084.4) _z308(497.2)(084.4) |
||
| 100 |
_aКостадинов, Костадин _eпърви автор _91299 |
||
| 139 |
_aКостадинов, Костадин _bК 86 |
||
| 245 |
_aДетски атлас на България с исторически и природни забележителности _cКостадин Костадинов |
||
| 260 |
_9209558 _aСофия _bПАН _c2019 |
||
| 300 |
_a74 с. _bс цв. ил. _c30 см |
||
| 380 | _aDN | ||
| 650 | 0 |
_9302352 _aПрирода - България |
|
| 650 | 0 |
_9243112 _aГрадове - България |
|
| 852 |
_aЦб ІІ 33313 _bЦб |
||
| 942 |
_cKNG _n0 _s1 _031 |
||
| 944 |
_aCR _c2019-11-22 _k30570 _lМоника Янева |
||
| 944 |
_aED _kМ.Я. |
||
| 999 |
_c346719 _d346719 |
||